| 000 | 00875nam a22002417a 4500 | ||
|---|---|---|---|
| 999 |
_c19747 _d19747 |
||
| 003 | AR-CdUCM | ||
| 008 | 190521b ||||| |||| 00| 0 spa d | ||
| 040 |
_aMUNICIPALIDAD PROVINCIAL DEL CUSCO _cBIBLIOTECA MUNICIPAL DEL CUSCO |
||
| 041 | _heng | ||
| 082 |
_a810.9 / _bF34 |
||
| 100 |
_aFeidelson, Charles _941302 |
||
| 245 | _aEl simbolismo y la literatura norteamericana / | ||
| 260 |
_aBuenos Aires : _bEdit. Nova, _c1976. |
||
| 300 |
_a360 páginas ; _c20 cm. |
||
| 440 |
_aArte y ciencia de la expresión _912857 |
||
| 505 | _aContenido: Cuatro simbolistas norteamericano -- La imaginación simbolista -- Una tradición norteamericana... | ||
| 650 |
_aLiteratura estadounidense _911000 |
||
| 650 |
_aEstudio y crítica _941303 |
||
| 650 |
_aSiglo XX _98 |
||
| 700 |
_aGoligorsky, Eduardo (traducción) _940351 |
||
| 942 |
_2ddc _cLIBROS |
||
| 945 |
_adavv _d2019-05-21 |
||